Statystyki dla Miasta i wsie Polski A-Z

Kliknij tutaj aby rozwiązać quiz!

Ogólne statystyki

  • Ten quiz został rozwiązany 288 razy
  • Średni wynik to 8 z 25

Statystyki odpowiedzi

LiteraPodpowiedź do miastaMiasto% Poprawnych
WStolica Polski.Warszawa
81%
BStolica województwa Podlaskiego.Białystok
79%
KByła stolica Polski.Kraków
76%
PTrochę brzmi jak słowo Poznaj.Poznań
70%
CW tym mieście jest Jasna Góra.Częstochowa
69%
LStolica województwa Lubelskiego.Lublin
65%
RStolica województwa Podkarpackiego.Rzeszów
61%
OStolica województwa Warmińsko-Mazurskiego.Olsztyn
56%
GJest w tym mieście Muzeum II Wojny Światowej i Europejskie Centrum Solidarności.Gdańsk
49%
ETa nazwa tego miasta jest przez nazwę rzeki która była zapisana w 890 roku.Elbląg
40%
JKojarzy się z zwierzęciem i jest w województwie Dolnośląskim.Jelenia Góra
38%
ŁTe miasto jest pomiędzy Siedlcami a Radzyniem Podlaskim.Łuków
21%
TW tym mieście jest Park Strzelecki.Tarnów
19%
HW tym mieście jest kolejka do wsi Topiło.Hajnówka
17%
ZW tym mieście jest ogród zoologiczny im. Stefana Millera.Zamość
16%
AW tym mieście jest UKS Jedynka.Aleksandrów Łódzki
13%
SPrzy Ustowie.Szczecin
10%
ŻKojarzy się z żabą i jest w województwie Zachodnio-Pomorskim.Żabów
7%
ITa wieś jest przy Białymstoku, dokładnie przy Księżynie.Ignatki
3%
MJest przy Zalewie Kamieńskim.Międzywodzie
3%
UWieś przy Łapach.Uhowo
3%
NTe miasto jest przy Tatarach.Nidzica
2%
ŹWieś przy wsi Miejsce.Źródła
1%
DTa wieś jest przy Autostradzie Wolności przy Warszawie.Dopiewiec
0%
FW tej wsi są ruiny zamku przy wsi o nazwie Dworki.Fiszewo
0%

Rozkład punktacji

Percentyl według liczby udzielonych odpowiedzi

Procent ludzi z każdym wynikiem

Twoja historia wyników

Nie rozwiązałeś tego quizu